MARC details
| 000 -CABECERA |
| campo de control de longitud fija |
01420cam a2200289 a 4500 |
| 001 - NÚMERO DE CONTROL |
| campo de control |
000013006 |
| 005 - FECHA Y HORA DE LA ÚLTIMA TRANSACCIÓN |
| campo de control |
20200929163124.0 |
| 008 - DATOS DE LONGITUD FIJA--INFORMACIÓN GENERAL |
| campo de control de longitud fija |
770128s1968 ve b 000 0 spa |
| 040 ## - FUENTE DE LA CATALOGACIÓN |
| Centro catalogador/agencia de origen |
DO-SdBNP |
| Lengua de catalogación |
spa |
| Centro/agencia transcriptor |
BNPHU |
| 082 ## - NÚMERO DE LA CLASIFICACIÓN DECIMAL DEWEY |
| Número de clasificación |
nnn |
| Número de documento/Ítem |
T775 |
| 110 2# - ENTRADA PRINCIPAL--NOMBRE DE ENTIDAD CORPORATIVA |
| Nombre de entidad corporativa o nombre de jurisdicción como elemento de entrada |
Universidad Central de Venezuela. |
| Unidad subordinada |
Instituto de Ciencias Penales y Criminológicas. |
| 9 (RLIN) |
29986 |
| 245 10 - MENCIÓN DE TÍTULO |
| Título |
Trastornos de la conducta juvenil : |
| Resto del título |
trabajo de investigación realizado en el Instituto de Ciencias Penales y Criminológicas / |
| Mención de responsabilidad, etc. |
bajo la dirección del doctor Tulio Chiossone, director del Instituto, y la colaboración de Ximena Rodríguez de Canestri, Omar Arenas Candelo y Nilda Hernández ; traductores Luz de Njai, Mati Raitán. |
| 260 ## - PUBLICACIÓN, DISTRIBUCIÓN, ETC. |
| Lugar de publicación, distribución, etc. |
Caracas : |
| Nombre del editor, distribuidor, etc. |
Imprenta Universitaria, |
| Fecha de publicación, distribución, etc. |
1968. |
| 300 ## - DESCRIPCIÓN FÍSICA |
| Extensión |
337 p. ; |
| Dimensiones |
24 cm. |
| 490 1# - MENCIÓN DE SERIE |
| Mención de serie |
Publicaciones de la Facultad de Derecho |
| Designación de volumen o secuencia |
39 |
| 500 ## - NOTA GENERAL |
| Nota general |
"Proyecto de legislación: Ley de justicia y protección de menores": p. [285]-332. |
| 504 ## - NOTA DE BIBLIOGRAFÍA, ETC. |
| Nota de bibliografía, etc. |
Incluye bibliografía (p. [333]-337). |
| 650 #0 - PUNTO DE ACCESO ADICIONAL DE MATERIA--TÉRMINO DE MATERIA |
| Término de materia o nombre geográfico como elemento de entrada |
Juvenile delinquency |
| Subdivisión geográfica |
Venezuela. |
| 9 (RLIN) |
29987 |
| 650 #0 - PUNTO DE ACCESO ADICIONAL DE MATERIA--TÉRMINO DE MATERIA |
| Término de materia o nombre geográfico como elemento de entrada |
Child welfare |
| Subdivisión geográfica |
Venezuela. |
| 9 (RLIN) |
29988 |
| 700 1# - PUNTO DE ACCESO ADICIONAL--NOMBRE DE PERSONA |
| Nombre de persona |
Chiossone, Tulio |
| 9 (RLIN) |
29989 |
| 700 1# - PUNTO DE ACCESO ADICIONAL--NOMBRE DE PERSONA |
| Nombre de persona |
Rodríguez de Canetri, Ximena |
| 9 (RLIN) |
29990 |
| 700 1# - PUNTO DE ACCESO ADICIONAL--NOMBRE DE PERSONA |
| Nombre de persona |
Arenas Candello, Omar |
| 9 (RLIN) |
29991 |
| 700 1# - PUNTO DE ACCESO ADICIONAL--NOMBRE DE PERSONA |
| Nombre de persona |
Hernández, Nilda |
| 9 (RLIN) |
29992 |
| 700 1# - PUNTO DE ACCESO ADICIONAL--NOMBRE DE PERSONA |
| Nombre de persona |
Njai, Luz de |
| Término indicativo de función/relación |
tr. |
| 9 (RLIN) |
29993 |
| 700 1# - PUNTO DE ACCESO ADICIONAL--NOMBRE DE PERSONA |
| Nombre de persona |
Raitán, Mati |
| Término indicativo de función/relación |
tr. |
| 9 (RLIN) |
29994 |
| 830 #0 - PUNTO DE ACCESO ADICIONAL DE SERIE-TÍTULO UNIFORME |
| Título uniforme |
Publicaciones de la Facultad de Derecho ; |
| Designación de volumen o secuencia |
39 |
| 9 (RLIN) |
29653 |